000 00568nam a2200193Ia 4500
003 GCL
008 140319s9999 xx 000 0 ara d
040 _aGCL /
_cGCL
082 0 4 _aط
_b920.71
_bم س
100 1 _aمكتبة لبنان
245 1 0 _aفلورنس نيتنغيل /
_cمكتبة لبنان
260 _a[S.N] :
_bمكتبة لبنان
300 _aمتعدد الترقيم
490 _aالسلسلة التاريخية
_v0
650 0 4 _aالاطفال
650 0 4 _aقصص الاطفال
650 0 4 _aادب الاطفال
942 _2ddc
_cBK
999 _c33629
_d33629